01317nam a2200349 a 4500999001500000003000400015005001700019008004100036020001800077040002400095041000800119082001500127110004300142245011900185250001200304260005200316300001100368440005300379500003900432546005500471653003700526653002800563653003700591653002800628653003700656653002700693653002700720653002300747856007300770942001200843952011200855 c1888d1888OSt20190621111406.0131025s1999 sz ||||| |||| 00| 0 eng d a92-4-157211-6 cBiblioteca Medicina aeng aOMS QV 137 aOrganizacion Mundila de la Salud9278500aEnvironmental Health Criteria 211: Health effects of interactions between tobacco use and exposure to other agents a1° ed. aGinebrabOrganizacion Mundial de la Saludc1999 a149 p.00aInternational Programme on Chemical Safety92782 aBaja Depósito Caja 31 Junio 2019 aTexto en ingles, resumen y conclusion en español aHABITO DE FUMAR-EFECTOS ADVERSOS aTABACO-EFECTOS ADVERSOS aCONTAMINACION POR HUMO DE TABACO aINTERACCIONES DE DROGAS aEXPOSICION A RIESGOS AMBIENTALES aEXPOSICION PROFESIONAL aEXPOSICION OCUPACIONAL aMEDICION DE RIESGO yhttp://www.who.int/ipcs/publications/ehc/ehc_numerical/en/index.html 2ddccPH 00102ddc4051718NFICaBFMbBFMcCRd2013-10-25l0oOMS QV 137pH0140r2014-11-06tEj. 1w2013-10-25yPH